000 00548nmm a2200193Ia 4500
008 251105s9999||||xx |||||||||||||||||und||
020 _a9788490653296
041 _aspa
100 _aKohler, Sheila
245 0 _aCuando éramos hermanas
264 _a[Madrid, España] :
_bAlba Editorial,
_c2017
300 _a416 páginas
490 _aAlba Contemporánea
650 _aGender and Women Studies
700 _aKohler, Sheila
700 1 _a Antolín Rato, Mariano
856 _uhttps://public.digitaliapublishing.com/a/48945
942 _cCF
999 _c67515
_d67515